Normal view
MARC view
- Lindsay, David
Entry Nombre Personal
001 - NUMERO DE CONTROL
- campo de control: 35146
003 - IDENTIFICADOR DE NUMERO DE CONTROL
- campo de control: UPN
005 - FECHA Y HORA DE LA ÜLTIMA TRANSACCIÓN
- campo de control: 20210219194500.0
008 - DATOS DE LONGITUD FIJA
- campo de control de longitud fija: nabaccnnaabn|||||||||| b |nc|||||d
035 ## - NUMERO DE CONTROL
- Número de control: UPN11000007253
040 ## - FUENTE DE CATALOGACIÓN
- Lenguaje de catalogación: SPA
- Agencia de transcripción: UPN
100 1# - ENCABEZAMIENTO - NOMBRE PERSONAL
- Nombre personal: Lindsay, David
670 ## - FUENTE EN LA QUE SE LOCALIZARON DATOS
- Cita de la fuente: T
- Información localizada: Guía de redacción científica
680 ## - NOTA PUBLICA DE ACCESO PÚBLICO
- Encabezamiento o subdivisión: Fue profesor e investigador en la Universida de Australia occidental; ahora jubilado sigue dando cursos de redacción científica en inglés y francés a investigadores de todo el mundo
902 ## - CATALOGADOR
- Catalogador: MCM/280414
